La agricultura en Estados Unidos: más allá del libre comercio /

Salvato in:
Dettagli Bibliografici
Autore principale: Trápaga Delfín, Yolanda
Natura: testo
Soggetti:
Tags: Aggiungi Tag
Nessun Tag, puoi essere il primo ad aggiungerne!!

MARC

LEADER 00000 a a2200000 04500
001 46031
003
040
100 |a Trápaga Delfín, Yolanda  
245 |a La agricultura en Estados Unidos:   |b más allá del libre comercio /  |c Yolanda Trápaga Delfín 
650 |a ESTADOS UNIDOS  
773 |g número64 (1992), páginas 21-24  
999 |c 32058  |d 32058